Lizzy McAlpine - Spring into summer - Statistics

General Stats
  • This quiz has been taken 255 times
    221 since last reset
  • The average score is 173 of 207
Answer Stats
lyrics % Correct
i
100%
in
100%
a
99%
it
99%
the
99%
to
99%
be
98%
into
98%
me
98%
spring
98%
summer
98%
you
98%
too
97%
but
96%
like
96%
on
96%
us
96%
am
94%
can
94%
hold
94%
know
94%
and
93%
back
93%
finds
93%
i'm
93%
love
93%
mean
93%
runnin
93%
somebody
93%
strong
93%
always
92%
gone
92%
try
92%
it's
91%
winter's
91%
just
90%
because
89%
current's
89%
forever
88%
never
88%
of
88%
state
88%
jump
86%
what
86%
you're
86%
gonna
85%
knows
85%
nobody
85%
someone
85%
that
85%
want
85%
end
84%
shallow
84%
have
83%
if
83%
touch
83%
we
83%
all
82%
close
82%
years
82%
against
81%
between
81%
many
81%
one
81%
picture
80%
taking
80%
can't
79%
cool
79%
i'd
79%
change
78%
is
78%
jumping
78%
leave
78%
let
78%
now
78%
over
78%
people
78%
surface
78%
water
78%
bridge
77%
certain
77%
off
77%
truth
77%
below
76%
could
76%
distant
74%
head
74%
hurt
74%
past
74%
thing
74%
first
73%
only
73%
turn
73%
around
72%
dream
71%
here
71%
almost
68%
falling
68%
when
67%
da
51%
ooh
39%
mm
32%
No matching quizzes found
Score Distribution
Percent of People with Each Score
Percentile by Number Answered
Your Score History
You have not taken this quiz since the last reset